logo

Bir Sreshtho Munshi Abdur Rouf Library
Jhenaidah Cadet College

Ten stories from Islam / (Record no. 7447)

MARC details
000 -LEADER
fixed length control field 00510nam a22002173 4500
001 - CONTROL NUMBER
JCCL Control Number 7447
003 - CONTROL NUMBER IDENTIFIER
JCCL marc code BD - JhCC
005 - DATE AND TIME OF LATEST TRANSACTION
control field 20180402084916.0
008 - FIXED-LENGTH DATA ELEMENTS--GENERAL INFORMATION
fixed length control field 970505s1966 xx 000 0 und d
035 ## - SYSTEM CONTROL NUMBER
system control number (BD - JhCC)7447
040 ## - CATALOGING SOURCE
Original cataloging agency EQO
Transcribing agency EQO
Modifying agency BD-JhCC
041 ## - LANGUAGE CODE
Language code of Book eng
082 ## - DEWEY DECIMAL CLASSIFICATION NUMBER
Author mark and Year WHY 1966
Classification number 297.6
100 1# - MAIN ENTRY--PERSONAL NAME
Personal name Whyte, Ruth.
245 10 - TITLE STATEMENT
Title Ten stories from Islam /
Statement of responsibility, etc Ruth Whyte
260 ## - PUBLICATION, DISTRIBUTION, ETC. (IMPRINT)
Place of publication, distribution, etc Karachi &c.,
Date of publication, distribution, etc 1966.
300 ## - PHYSICAL DESCRIPTION
Pagination 60 p. :
Dimensions 15 cm.
650 ## - SUBJECT ADDED ENTRY--TOPICAL TERM
Topical term or geographic name as entry element Islam
942 ## - ADDED ENTRY ELEMENTS (KOHA)
Source of classification or shelving scheme Dewey Decimal Classification
Koha item type Books
Holdings
Source of classification or shelving scheme Damaged status Not for loan Home library Current library Shelving location Total Checkouts Full call number Barcode Date last seen Copy number Koha item type
Dewey Decimal Classification     JCC Rouf Library JCC Rouf Library General Stacks   297.6 WHY 1966 9540 02/10/2018 C - 1 Books

JCC Library | Contacts | JCC Home

Last Update on 23 September 2017
Copyright @ 2017-2020 JCC Rouf Library
Rouf Library, Jhenidah Cadet College (JCC), Bangladesh